| 000 | 00484nam a2200169 i 4500 | ||
|---|---|---|---|
| 001 | 24275 | ||
| 003 | ES-MaACL | ||
| 005 | 20230906153023.0 | ||
| 007 | t| | ||
| 008 | 021216s1909 fr ||||1| fre d | ||
| 100 | 1 |
_aAmundsen, Roald. _921353 |
|
| 245 | 1 | 3 |
_aLe passage du Nord-Ouest / _cRoald Amundsen ; traduit par M. Charles Rabot. |
| 260 |
_aParĂs : _bSchmidt, _c1909. |
||
| 300 |
_a220 p. : _b2 map. ; _c25 cm. |
||
| 700 | 1 |
_aRabot, Charles. _994871 |
|
| 852 |
_aES-MaACL _jF-6467 |
||
| 999 |
_c24275 _d24275 |
||